Plants for environmental studies

में बचाया:
ग्रंथसूची विवरण
मुख्य लेखकों: Wang, Wuncheng (लेखक), Gorsuch, Joseph W (लेखक), Hughes, Jane S (लेखक)
स्वरूप: पुस्तक
भाषा:अंग्रेज़ी
प्रकाशित: Boca Ratón CRC Lewis Publishers 1997
विषय:
टैग: टैग जोड़ें
कोई टैग नहीं, इस रिकॉर्ड को टैग करने वाले पहले व्यक्ति बनें!

MARC

LEADER 00000nam a2200000 a 4500
001 UCP5529
003 CL-VaPUC
008 990927e19970000US |||||||||||||||||eng|d
082 0 4 |a 581  |b WAN  |2 21 
100 0 |a Wang, Wuncheng  |e author  |9 434001 
700 0 |a Gorsuch, Joseph W  |e author  |9 434002 
700 0 |a Hughes, Jane S  |e author  |9 434003 
245 1 0 |a Plants for environmental studies 
300 |a 563 p 
942 |c BK 
945 |d 19990927 00:00:00  |a vberengu 
260 |a Boca Ratón  |b CRC Lewis Publishers  |c 1997 
650 0 |a Análisis estadístico  |9 269506 
650 0 |a Botánica  |9 264202 
650 0 |a Medio ambiente  |9 257625 
650 0 |a Plantas  |9 264555 
650 0 |a Plantas acuáticas  |9 338099 
650 7 |a RADIACIONES  |2 CL-VaPUC  |9 404886 
583 |a last modification  |c 19990927 00:00:00  |k Rodrigo Vera 
999 |c 283269  |d 283267 
952 |0 0  |1 0  |4 0  |6 581_000000000000000_WAN_1997  |7 0  |8 A  |9 326202  |a BIBCUR  |b BIBCUR  |d 2019-11-20  |i 3559513  |l 2  |o 581 WAN 1997  |p 3559513  |r 2025-04-22  |s 2023-08-25  |w 2019-11-20  |y BK  |k BCB